00971cam a2200265 a 4500001001000000003000400010005001700014008004100031040002500072082001500097100002700112245006500139260004400204300002800248490003300276504003400309590002800343650002200371700002500393910002200418942001300440952011600453952011900569999001700688000010888OSt20250127134854.0711108s1972 nyua b 001 0 eng  aDO-SdBNPbspacBNPHU a550bL662s1 aLeveson, David,92625212aA sense of the earth /cDavid Leveson ; dibujos Meg Leveson. aNew York :bDoubleday & Company,c1972. a176 p. :bil. ;c25 cm.1 aAnchor Natural History Books aBibliografía: p. [170]-172. aInventariado, 2020 / DG 0aGeología9262531 aLeveson, Meg.926254 aEn catalogaciòn 2ddccLF1 00102ddc50718MOaGRbGRcCTd2009-10-12eDonaciòniLF1l0o550 L662sp10888-10r2020-06-25w2020-06-25y1 001150718MOaGRbGRcMId2017-04-06iLF1l0o550 L662sp10888-20r2020-06-25te. 2w2020-06-25y1ZNo se presta c10631d10631